[Event "Pushkino op"]
[Site "Pushkino"]
[Date "2012.01.14"]
[Round "8"]
[White "Kaurova, Anna"]
[Black "Ofitserian, Boris"]
[Result "0-1"]
[WhiteElo "1809"]
[BlackElo "2060"]
[PlyCount "66"]
[EventDate "2012.01.11"]
[EventType "swiss"]
[EventRounds "9"]
[EventCountry "RUS"]
[SourceTitle "EXT 2014"]
[Source "ChessBase"]
[SourceDate "2013.11.20"]
[SourceVersion "1"]
[SourceVersionDate "2013.11.20"]
[SourceQuality "1"]

1. e4 c5 2. Nf3 d6 3. d4 cxd4 4. Nxd4 Nf6 5. Nc3 a6 6. Be2 e5 7. Nf3 Be7 8. 0-0 0-0 9. a4 b6 10. Be3 Nbd7 11. Nd2 Bb7 12. f4 Qc7 13. Qe1 d5 14. fxe5 Nxe4 15. Ndxe4 dxe4 16. Bf4 Bc5+ 17. Kh1 Nxe5 18. Qg3 Rfe8 19. Bc4 Bd6 20. Bxe5 Bxe5 21. Bxf7+ Qxf7 22. Rxf7 Bxg3 23. Rxb7 Bf2 24. g3 Rad8 25. Rd1 Rxd1+ 26. Nxd1 Bc5 27. Nc3 e3 28. Ne2 Rf8 29. b4 Bxb4 30. Rxb6 Bd2 31. Nd4 Rf1+ 32. Kg2 Rf2+ 33. Kg1 e2 0-1

[Event "Moscow op (Women)"]
[Site "Moscow"]
[Date "2009.02.05"]
[Round "6"]
[White "Severina, Maria"]
[Black "Kaurova, Anna"]
[Result "1-0"]
[WhiteElo "1940"]
[BlackElo "1400"]
[PlyCount "83"]
[EventDate "2009.01.31"]
[EventType "swiss"]
[EventRounds "9"]
[EventCountry "RUS"]
[SourceTitle "EXT 2012"]
[Source "ChessBase"]
[SourceDate "2011.11.24"]
[SourceVersion "1"]
[SourceVersionDate "2011.11.24"]
[SourceQuality "1"]

1. d4 Nf6 2. c4 g6 3. Nc3 Bg7 4. e4 d6 5. Nf3 0-0 6. Be2 Nc6 7. d5 Ne5 8. Nd4 e6 9. f4 exd5 10. fxe5 Nxe4 11. Nxe4 dxe4 12. exd6 Qxd6 13. Nb3 Qe7 14. Qc2 f5 15. g3 g5 16. Be3 b6 17. Qd2 Rd8 18. Qc1 Bf6 19. Qc2 Qg7 20. Rd1 Bb7 21. Rb1 c5 22. Rf1 Bc8 23. Rf2 Be5 24. Bf1 Be6 25. Bh3 Rf8 26. Nc1 Rad8 27. Ne2 Qh6 28. Bf1 Qg7 29. Qc1 h6 30. Nc3 Rd7 31. Ne2 Rfd8 32. Nc3 Qf7 33. b3 Qg7 34. Nd5 Kh7 35. Qc2 Bxd5 36. cxd5 Rxd5 37. Bc4 Bc3+ 38. Kf1 R5d6 39. Rxf5 Re8 40. Kg2 Bf6 41. Rd1 Qd7 42. Rxf6 1-0

[Event "Moscow op (Women)"]
[Site "Moscow"]
[Date "2009.02.04"]
[Round "5"]
[White "Kaurova, Anna"]
[Black "Kaydanovich, Marina"]
[Result "1-0"]
[WhiteElo "1400"]
[BlackElo "1843"]
[PlyCount "77"]
[EventDate "2009.01.31"]
[EventType "swiss"]
[EventRounds "9"]
[EventCountry "RUS"]
[SourceTitle "EXT 2012"]
[Source "ChessBase"]
[SourceDate "2011.11.24"]
[SourceVersion "1"]
[SourceVersionDate "2011.11.24"]
[SourceQuality "1"]

1. e4 e5 2. Nf3 Nc6 3. Bb5 Bd6 4. c3 Nf6 5. Qe2 0-0 6. 0-0 a6 7. Ba4 Re8 8. d3 h6 9. Nbd2 b5 10. Bc2 Bc5 11. Nb3 Bf8 12. d4 exd4 13. cxd4 d6 14. Rd1 Qe7 15. Re1 Bg4 16. h3 Bh5 17. g4 Bg6 18. e5 Bxc2 19. Qxc2 Nb4 20. Qd2 dxe5 21. dxe5 Nd7 22. a3 Nc6 23. Qd5 Ndxe5 24. Nxe5 Nxe5 25. Bf4 Qd6 26. Qe4 f6 27. Rad1 Qe6 28. Nd4 Qc8 29. Qd5+ Kh8 30. Bxe5 fxe5 31. Rxe5 Rxe5 32. Qxe5 Bd6 33. Qe4 Qf8 34. Nf5 Rd8 35. Kg2 Qf6 36. Rd2 Kg8 37. Qc6 Be5 38. Rxd8+ Qxd8 39. Qe6+ 1-0

[Event "Moscow op (Women)"]
[Site "Moscow"]
[Date "2009.02.03"]
[Round "4"]
[White "Kareva, Natalia"]
[Black "Kaurova, Anna"]
[Result "1-0"]
[WhiteElo "1951"]
[BlackElo "1400"]
[PlyCount "93"]
[EventDate "2009.01.31"]
[EventType "swiss"]
[EventRounds "9"]
[EventCountry "RUS"]
[SourceTitle "EXT 2012"]
[Source "ChessBase"]
[SourceDate "2011.11.24"]
[SourceVersion "1"]
[SourceVersionDate "2011.11.24"]
[SourceQuality "1"]

1. e4 e5 2. Nf3 Nc6 3. d4 exd4 4. Nxd4 Bc5 5. Nxc6 Qf6 6. Qf3 Qxf3 7. gxf3 dxc6 8. Be3 Bxe3 9. fxe3 Nf6 10. Rg1 g6 11. Nd2 Be6 12. Bc4 0-0-0 13. Bxe6+ fxe6 14. Ke2 Rhf8 15. Rad1 Rf7 16. Nc4 Nd7 17. Rd2 Rdf8 18. Rg3 g5 19. Rd1 h6 20. Rf1 b5 21. Nd2 Ne5 22. h4 gxh4 23. Rh3 Rg8 24. Rxh4 Rd7 25. Nb3 Rf7 26. f4 Rg2+ 27. Rf2 Rxf2+ 28. Kxf2 Rf6 29. Nc5 Nc4 30. b3 Na3 31. Rg4 Rf8 32. Nxe6 Re8 33. f5 Nxc2 34. Rg7 Nb4 35. a3 Nd3+ 36. Kg3 Ne5 37. Rxc7+ Kb8 38. Rg7 a5 39. Nc5 Kc8 40. Kf4 a4 41. bxa4 bxa4 42. f6 h5 43. f7 Nxf7 44. Rxf7 Rh8 45. Kg3 h4+ 46. Kh3 Rh5 47. Rf5 1-0